000 00320nam a2200121Ia 4500
008 241002s9999 xx 000 0 und d
082 _a320.092 JON
100 _aJones W.T.
245 0 _aMasters of political thought plato machiavelli to Bantham 2
260 _aLondon:
_c1967
600 _aSocial Sciences
942 _cUC
999 _c18992
_d18992